000 00713nam a22002177a 4500
003 OSt
005 20250508021705.0
008 250508t2008 |||||||| |||| 00| | eng d
020 _a978-007-126453-2
040 _cJMCFI - Learning Resource Center
082 _aMAHL/Med. 616.9'041 T137 2008
100 _aTalaro, Kathleem Park
_932141
245 _aFoundations in microbiology /
_cKathleen Park Talaro.
250 _aSixth edition.
260 _aNew York :
_bMcGraw-Hill ,
_c2008.
300 _axxi, [895 pages] :
_bblack and white, illus. ;
_c26 cm
500 _aIncludes indexes and glossary.
650 _aMicrobiology.
_96794
650 _aMedical microbiology.
_96795
942 _2ddc
_cBK
_eSixth edition
_n0
999 _c10128
_d10128